| 000 | 02166nas a2200289 i 4500 | ||
|---|---|---|---|
| 005 | 20260427150433.0 | ||
| 007 | ta | ||
| 008 | 260427e2025 dr fn|p|r||||||0| | spa d | ||
| 022 | _a3060-9704 | ||
| 022 | _aE-3060-9712 | ||
| 040 |
_aAGN _bspa _cAGN _dDO-SdBNP _erda |
||
| 041 | _aspa | ||
| 110 |
_aUniversidad Autónoma de Santo Domingo UASD, Facultad de Artes _989419 |
||
| 245 |
_aIn Artes. Revista de Investigación Artística de la Facultad de Artes de la UASD / _cUniversidad Autónoma de Santo Domingo, Facultad de Artes. |
||
| 264 |
_aSanto Domingo, República Dominicana : _bUniversidad Autónoma de Santo Domingo UASD, _c2025. |
||
| 300 |
_avolumen : _bilustraciones, fotografías, pinturas, tablas ; _c30.5 cm. |
||
| 310 | _aSemestral. | ||
| 336 |
_atexto _btxt _2rdacontent |
||
| 337 |
_asin mediación _bn _2rdamedia |
||
| 338 |
_avolumen _bnc _2rdacarrier |
||
| 362 | _aAño 2. No. 2 (febrero-agosto 2025). | ||
| 500 | _aCatalogación basada en el Año 2. No. 2 (febrero-agosto 2025). | ||
| 500 | _aLa revista In Artes es el órgano oficial de comunicación del Instituto de Investigación de las Artes de la Facultada de Artes de la Universidad Autónoma de Santo Domingo. | ||
| 520 | _aInArtes tendrá una periodicidad semestral y estará disponible en formato físico y digital. La revista cuenta con un Consejo Editorial integrado por la decana Arelis Subero, el vicedecano Dr. Fidel Munnigh, los doctores Odalís G. Pérez y Fabio Abreu, y el maestro Plinio Chahín. "En nuestro plan de gestión, desde la dirección del Decanato, el Consejo Directivo, la Dirección de Investigación y el Instituto de Investigación de las Artes (INARTES), asumimos el compromiso de promover la investigación como eje académico dentro de nuestro cuerpo docente. Esta iniciativa busca difundir el conocimiento artístico a través de trabajos de alta calidad que vinculen temáticas de interés con referencias conceptuales, teóricas y analíticas, consolidando así un sistema y una práctica de investigación en las artes". | ||
| 650 | 0 |
_aArtes _vPublicaciones periódicas _xInvestigaciones _931065 _zRepública Dominicana |
|
| 942 |
_2ddc _cISSUE |
||
| 999 |
_c60627 _d60627 |
||